• 首页
  • 本馆介绍
  • 公告通知
  • 最新文献
  • 馆藏检索
  • 电子资源
  • 读者导购
  • 参考咨询
  • 我的图书馆
  • 登录
  • 详细信息显示
  • 放入我的书架
  • 预约/预借图书
  • 作者相关作品
  • 分类相关作品
  • 丛书相关作品
  • 出版社相关作品

书目信息

  • 表格格式
  • 工作单格式
  • 卡片格式
题名:
球面三角学
    
 
作者: 张楚宾 编
分册:  
出版信息: 北京   人民教育出版社  1959
页数: 62页
开本: 19cm
丛书名:
单 册:
中图分类: O124.2
科图分类:
主题词: 球面三角
电子资源:
ISBN: 13012.0126
000 00678nam0 2200253 450
001 0189021654
005 20100713165226.0
010    @a13012.0126@dCNY0.24
091    @a13012.0126@dCNY0.24
100    @a19910905d1959 em y0chiy0121 ea
101 0  @achi
102    @aCN@b110000
105    @aak z 000yy
106    @ar
200 1  @a球面三角学@9Qiu Mian San Jiao;Jue Xue @f张楚宾编
210    @a北京@c人民教育出版社@d1959
215    @a62页@c图@d19cm
300    @a高等学校教学参考书
307    @a1978年第6次印刷
606 0  @a球面三角
690    @aO124.2@v3
701  0 @a张楚宾@9zhang chu bin@4编
801  0 @aCN@b91MARC@c20130904
905    @aBZT@dO124.2@e1@f2@sO124.2/1
    
    球面三角学/张楚宾编.-北京:人民教育出版社,1959
    62页:图;19cm
    高等学校教学参考书
    
    ISBN 13012.0126:CNY0.24
    
●
相关链接 在五车中查询图书 在当当中查询图书 在豆瓣中查询图书


正题名:球面三角学     索取号:O124.2/1         预约/预借

序号 登录号 条形码 馆藏地/架位号 状态 备注
1 2000042210   2000042210   旧书回溯/ [索取号:O124.2/1] 在馆    
2 2000042211   2000042211   旧书回溯/ [索取号:O124.2/1] 在馆    
山东省滨州职业学院图书馆 欢迎您!
大连网信软件有限公司© 版权所有